[Event "Match"]
[Site "www.echecsemail.com"]
[Date "2016.05.11"]
[Round "1"]
[White "Genius9"]
[Black "Canario"]
[WhiteElo "1770"]
[BlackElo "1830"]
[Result "1-0"]
[Round "1"]
1.d4 d5
2.Bc1f4 Ng8f6
3.e3 Nb8c6
4.Ng1f3 Bc8f5
5.Bf1b5 a6
6.Bb5xc6 bxc6
7.O-O e6
8.Nf3e5 Bf8d6
9.Nb1d2 Bd6xe5
10.Bf4xe5 O-O
11.c4 Nf6e4
12.Nd2xe4 Bf5xe4
13.b3 dxc4
14.bxc4 Ra8b8
15.Qd1a4 Rb8b6
16.c5 Rb6b2
17.d5 Be4xg2
18.Be5xb2 Qd8g5
19.Qa4f4 Bg2xf1
20.Qf4xg5 { resign }
1-0

[Event "Match"]
[Site "www.echecsemail.com"]
[Date "2016.05.11"]
[Round "1"]
[White "Roque1"]
[Black "Paco"]
[WhiteElo "1910"]
[BlackElo "1920"]
[Result "0-1"]
[Round "1"]
1.e4 e5
2.Ng1f3 Nb8c6
3.Bf1b5 Ng8f6
4.Nb1c3 Nc6d4
5.Nf3xd4 exd4
6.Nc3e2 c6
7.Ne2xd4 cxb5
8.Nd4xb5 Nf6xe4
9.Qd1e2 d5
10.d3 a6
11.dxe4 axb5
12.Qe2xb5 Qd8d7
13.Qb5xd7 Bc8xd7
14.exd5 Bf8c5
15.O-O O-O
16.c4 Ra8a6
17.Bc1e3 b6
18.Be3xc5 bxc5
19.Rf1e1 Ra6a4
20.b3 Ra4a6
21.Re1e7 Bd7f5
22.Re7c7 Rf8a8
23.Rc7e7 Kf8
24.Re7c7 Ra6xa2
25.Ra1e1 Ra2a1
26.Rc7e7 Bf5c2
27.Re7e3 Bc2xb3
28.d6 Ra1xe1
29.Re3xe1 Bb3xc4
30.d7 Bc4e6
31.Re1d1 Be6xd7
32.Kf1 Bd7b5
33.Ke1 { time. }
0-1

[Event "Match"]
[Site "www.echecsemail.com"]
[Date "2016.05.11"]
[Round "1"]
[White "Elogic"]
[Black "Fred"]
[WhiteElo "1870"]
[BlackElo "2000"]
[Result "0-1"]
[Round "1"]
1.f4 f5
2.e3 Ng8f6
3.h3 Nb8c6
4.g4 e6
5.d3 b6
6.g5 Nf6d5
7.a3 Bc8b7
8.c4 Nd5e7
9.Bf1g2 Ne7g6
10.b4 Bf8d6
11.h4 Qd8e7
12.h5 Ng6f8
13.Bc1b2 e5
14.fxe5 Bd6xe5
15.Nb1c3 Qe7xg5
16.Qd1e2 O-O-O
17.O-O-O Nc6d4
18.Bg2xb7 Kxb7
19.Qe2f1 Nf8e6
20.Kb1 Qg5xe3
21.Rd1e1 Qe3d2
22.Re1xe5 Qd2c2
23.Ka1 Rh8f8
24.Ng1e2 Qc2xd3
 { time }
0-1

[Event "Match"]
[Site "www.echecsemail.com"]
[Date "2016.05.11"]
[Round "1"]
[White "Wagner"]
[Black "Mars91"]
[WhiteElo "1710"]
[BlackElo "1789"]
[Result "1/2-1/2"]
[Round "1"]
1.e4 c6
2.f4 d5
3.exd5 cxd5
4.d4 Ng8f6
5.h3 Nb8c6
6.Nb1c3 g6
7.Ng1f3 Bf8g7
8.Bf1b5 Bc8d7
9.Qd1e2 O-O
10.a3 e6
11.g4 a6
12.Bb5d3 b5
13.Bc1e3 Nc6a5
14.b3 Ra8c8
15.b4 Na5c4
16.Bd3xc4 Rc8xc4
17.Nc3a2 Nf6e4
18.Rh1g1 Qd8c8
19.Ra1c1 Qc8c7
20.Qe2d1 a5
21.Nf3g5 Ne4xg5
22.fxg5 axb4
23.Rc1b1 bxa3
24.Rg1f1 Qc7a7
25.c3 Rf8c8
26.Qd1d2 Qa7a4
27.Rb1b4 Rc4xb4
28.Na2xb4 Rc8a8
29.Kf2 Qa4b3
30.Rf1a1 Ra8c8
31.Nb4a2 Qb3b2
32.Qd2xb2 axb2
33.Ra1b1 f6
34.Rb1xb2 fxg5
35.Be3xg5 { draw }
1/2-1/2

[Event "Match"]
[Site "www.echecsemail.com"]
[Date "2016.05.11"]
[Round "1"]
[White "Pare123"]
[Black "Mars91"]
[WhiteElo "1930"]
[BlackElo "1789"]
[Result "1-0"]
[Round "1"]
1.c4 c6
2.Nb1c3 d5
3.cxd5 cxd5
4.d4 Ng8f6
5.Ng1f3 g6
6.h3 Bf8g7
7.e3 O-O
8.Bf1e2 Nb8c6
9.O-O a6
10.a3 e6
11.Bc1d2 Bc8d7
12.Ra1c1 b5
13.b4 Ra8c8
14.a4 Rc8b8
15.axb5 axb5
16.Nc3xb5 Rf8e8
17.Nb5d6 Re8f8
18.b5 Nc6e7
19.Rc1b1 Ne7c8
20.Nd6xc8 Qd8xc8
21.Qd1b3 Nf6e4
22.Rf1c1 Qc8b7
23.Rb1b2 Ne4xd2
24.Nf3xd2 Rf8c8
25.Rc1b1 Qb7c7
26.b6 Qc7d8
27.Qb3a2 Bd7c6
28.Rb2b4 Rb8b7
29.Rb1b2 Rc8b8
30.Qa2b1 e5
31.Nd2f3 e4
32.Nf3e1 Qd8d7
33.Ne1c2 f5
34.Be2a6 { resign }
1-0

[Event "Match"]
[Site "www.echecsemail.com"]
[Date "2016.05.11"]
[Round "1"]
[White "Sonny1000"]
[Black "Iko"]
[WhiteElo "1600"]
[BlackElo "1660"]
[Result "1-0"]
[Round "1"]
1.e4 e5
2.Ng1f3 d6
3.Nb1c3 Bc8g4
4.Bf1b5 c6
5.Bb5c4 Qd8f6
6.Nc3e2 Bg4xf3
7.gxf3 Qf6xf3
8.Rh1f1 Qf3xe4
9.d3 Qe4g2
10.Ne2g3 Qg2xh2
11.Qd1f3 Qh2h3
12.Qf3xf7 Kd8
13.Qf7xf8 Kc7
14.Qf8xg7 Nb8d7
15.Qg7xh8 Ra8f8
16.Bc4xg8 Nd7f6
17.Qh8g7 Qh3d7
18.Qg7xf8 Nf6xg8
19.Qf8xg8 b5
20.Rf1h1 Qd7d8
21.Qg8xd8 Kb7
22.Rh1xh7 Ka6
23.Qd8c8 Kb6
24.Qc8b7 Kc5
25.Qb7xa7 Kd5
26.Ng3e4 c5
27.Ne4f6 Ke6
28.Qa7d7 Kxf6
29.Qd7f7 
1-0

[Event "Match"]
[Site "www.echecsemail.com"]
[Date "2016.05.11"]
[Round "1"]
[White "Irene"]
[Black "Afrikanu007"]
[WhiteElo "2080"]
[BlackElo "1789"]
[Result "1-0"]
[Round "1"]
1.d4 d5
2.Nb1c3 Nb8c6
3.g3 g6
4.Bf1g2 Bc8e6
5.Ng1h3 Qd8d7
6.e3 Be6xh3
7.O-O Bh3g4
8.f3 Bg4f5
9.f4 Ng8f6
10.b3 Qd7e6
11.Nc3b5 O-O-O
12.Bc1a3 a6
13.Nb5c3 Qe6xe3
14.Kh1 Qe3xc3
15.Rf1f2 Nc6xd4
16.Ra1b1 Bf5xc2
17.Rf2xc2 Nd4xc2
18.Rb1c1 Nc2e3
19.Qd1f3 Qc3a5
20.Qf3xe3  { time }
1-0

[Event "Match"]
[Site "www.echecsemail.com"]
[Date "2016.05.11"]
[Round "1"]
[White "Glenno"]
[Black "Milkyway"]
[WhiteElo "2420"]
[BlackElo "2269"]
[Result "1/2-1/2"]
[Round "1"]
1.e4 e5
2.Ng1f3 Nb8c6
3.Bf1b5 a6
4.Bb5a4 Ng8f6
5.O-O Bf8e7
6.Rf1e1 b5
7.Ba4b3 O-O
8.c3 d6
9.h3 h6
10.d4 exd4
11.cxd4 d5
12.e5 Nf6e4
13.Nb1d2 Bc8f5
14.Bb3c2 Be7b4
15.Re1e3 Bb4xd2
16.Bc1xd2 a5
17.Bc2d3 Ne4xd2
18.Qd1xd2 Bf5xd3
19.Re3xd3 b4
20.Ra1c1 Ra8a6
21.Qd2c2 Qd8d7
22.Rd3d2 Ra6b6
23.Rd2e2 Rf8e8
{ draw }
1/2-1/2

[Event "Match"]
[Site "www.echecsemail.com"]
[Date "2016.05.11"]
[Round "1"]
[White "Genius7"]
[Black "Pare123"]
[WhiteElo "1780"]
[BlackElo "1930"]
[Result "1/2-1/2"]
[Round "1"]
1.e4 e6
2.d4 d6
3.Ng1f3 h6
4.c4 Ng8f6
5.Nb1c3 Bf8e7
6.Bf1e2 O-O
7.O-O b6
8.d5 e5
9.Qd1c2 Bc8g4
10.a4 a5
11.h3 Bg4h5
12.Bc1d2 Nb8d7
13.Rf1e1 Nd7c5
14.Bd2e3 Bh5g6
15.Be3xc5 bxc5
16.Ra1d1 Nf6h7
17.Nc3b5 f5
18.Be2d3 fxe4
19.Bd3xe4 Bg6xe4
20.Qc2xe4 Rf8f4
21.Qe4d3 Nh7g5
22.Nf3xg5 Be7xg5
23.Re1e4 Qd8d7
24.Re4xf4 Bg5xf4
25.b3 Bf4g5
26.Rd1e1 Ra8f8
27.Qd3c3 Qd7f7
28.Re1e2 Rf8a8
29.Nb5a3 Bg5f6
30.Na3b5 Bf6d8
31.Qc3d3 Qf7d7
32.Qd3e4 Qd7f7
33.Re2e3 Bd8g5
34.Re3f3 Bg5f6
35.Rf3d3 Kf8
36.Rd3f3 Ke8
37.g4 Qf7e7
38.Qe4g6 Kd7
39.Qg6f5 Kd8
40.Kg2 { draw }
1/2-1/2

[Event "Match"]
[Site "www.echecsemail.com"]
[Date "2016.05.11"]
[Round "1"]
[White "Tonino1"]
[Black "Fkarpov"]
[WhiteElo "2200"]
[BlackElo "2160"]
[Result "1-0"]
[Round "1"]
1.d4 Ng8f6
2.Ng1f3 e6
3.e3 c5
4.b3 Bf8e7
5.Bc1b2 a6
6.Bf1d3 Nb8c6
7.a3 d6
8.Nb1d2 O-O
9.c4 Qd8c7
10.O-O d5
11.Nf3e5 Bc8d7
12.f4 cxd4
13.exd4 Be7d6
14.Nd2f3 h6
15.c5 Bd6xe5
16.fxe5 Nf6h7
17.h4 f6
18.Qd1c2 f5
19.b4 Nc6e7
20.a4 Qc7d8
21.b5 axb5
22.axb5 Ra8a5
23.Ra1xa5 Qd8xa5
24.Rf1a1 Qa5d8
25.Ra1a7 Qd8b8
26.Qc2a4 Ne7c8
27.Ra7a8 Qb8c7
28.Bb2a3 Rf8e8
29.Qa4b4 Nc8e7
30.Ra8xe8 Bd7xe8
31.c6 Kf8
32.b6 { resign }
1-0

[Event "Match"]
[Site "www.echecsemail.com"]
[Date "2016.05.11"]
[Round "1"]
[White "Pimpampum"]
[Black "Chessexpert"]
[WhiteElo "1499"]
[BlackElo "1630"]
[Result "0-1"]
[Round "1"]
1.c4 f5
2.Nb1c3 Ng8f6
3.d4 e6
4.g3 d5
5.Bf1g2 c6
6.Ng1h3 Bf8b4
7.O-O O-O
8.Nh3f4 Bb4xc3
9.bxc3 Nf6e4
10.Qd1c2 Qd8e7
11.f3 Ne4f6
12.e4 fxe4
13.fxe4 Nf6xe4
14.Bg2xe4 dxe4
15.Qc2xe4 Rf8f5
16.a4 Nb8d7
17.Qe4xe6 Qe7xe6
18.Nf4xe6 Rf5xf1
19.Kxf1 Nd7b6
20.Ne6c5 Bc8h3
21.Ke2 Ra8e8
22.Kf3 Nb6xc4
23.Nc5xb7 h5
24.Ra1a2 Bh3g4
25.Kf2 Re8f8
26.Ke1 Rf8e8
27.Kf2 Re8f8
28.Kg1 Rf8b8
{ resign }
0-1

[Event "Match"]
[Site "www.echecsemail.com"]
[Date "2016.05.11"]
[Round "1"]
[White "Pimpampum"]
[Black "Wwgia"]
[WhiteElo "2030"]
[BlackElo "2140"]
[Result "1-0"]
[Round "1"]
1.a3 e5
2.e4 f5
3.d4 exd4
4.exf5 Ng8f6
5.Ng1f3 d5
6.Nf3xd4 Bf8d6
7.Bf1d3 O-O
8.O-O c5
{ time. }
1-0

[Event "Match"]
[Site "www.echecsemail.com"]
[Date "2016.05.11"]
[Round "1"]
[White "Azorau"]
[Black "Elogic"]
[WhiteElo "1910"]
[BlackElo "1870"]
[Result "1-0"]
[Round "1"]
1.e4 e6
2.Ng1f3 g6
3.d4 c5
4.d5 exd5
5.exd5 Bf8g7
6.c3 Ng8e7
7.Qd1e2 O-O
8.Bc1g5 Rf8e8
9.Bg5e3 Ne7xd5
10.Qe2d2 Nd5xe3
11.fxe3 d5
12.Bf1b5 Re8e4
13.Bb5d3 Re4e7
14.O-O  { time }
1-0

[Event "Match"]
[Site "www.echecsemail.com"]
[Date "2016.05.11"]
[Round "1"]
[White "Coventry"]
[Black "Pare123"]
[WhiteElo "1860"]
[BlackElo "1930"]
[Result "1-0"]
[Round "1"]
1.e4 e6
2.d4 d5
3.exd5 Qd8xd5
4.Ng1f3 Nb8c6
5.Nb1c3 Bf8b4
6.Bc1d2 Bb4xc3
7.Bd2xc3 Ng8f6
8.Bf1e2 Nf6e4
9.O-O O-O
10.Bc3e1 a6
11.c4 Qd5d8
12.Be2d3 Ne4f6
13.Be1c3 Rf8e8
14.Qd1c2 Nc6e7
15.Nf3e5 Ne7f5
16.Bd3xf5 exf5
17.Rf1e1 Nf6e4
18.f3 Ne4xc3
19.Qc2xc3 c6
20.Ra1d1 Qd8b6
21.Kh1 Bc8e6
22.b3 Qb6c7
23.Re1e2 Ra8d8
24.Re2d2 f6
25.Ne5d3 Be6f7
26.Nd3c5 Re8e7
27.Qc3c2 Bf7g6
28.Qc2c3 Rd8e8
29.Kg1 Qc7f4
30.Rd2d3 Re7e2
31.g3 Qf4h6
32.h4 f4
33.Rd3d2 fxg3
34.Rd2xe2 Re8xe2
35.Rd1e1 Re2xe1
36.Qc3xe1 Qh6xh4
37.Qe1e6 { resign }
1-0

[Event "Match"]
[Site "www.echecsemail.com"]
[Date "2016.05.11"]
[Round "1"]
[White "Milkyway"]
[Black "Mdesouza"]
[WhiteElo "2269"]
[BlackElo "2210"]
[Result "1/2-1/2"]
[Round "1"]
1.e4 e6
2.d4 d5
3.exd5 exd5
4.Bf1d3 Ng8f6
5.Ng1f3 Bc8g4
6.O-O Bf8d6
7.Rf1e1 Bd6e7
8.c3 O-O
9.h3 Bg4h5
10.Bc1f4 Be7d6
11.Bf4xd6 Qd8xd6
12.Nb1d2 Nb8d7
13.Qd1c2 Bh5g6
14.Nf3e5 Bg6xd3
15.Qc2xd3 c6
16.Ne5xd7 Qd6xd7
17.Nd2f3 Rf8e8
18.Re1xe8 { draw }
1/2-1/2

[Event "1/8 Finale"]
[Site "www.chess-mail.com"]
[Date "2016.05.11"]
[Round "1"]
[White "Pgcbies"]
[Black "Stormwind"]
[WhiteElo "2690"]
[BlackElo "2809"]
[Result "0-1"]
[Round "1"]
1.e4 c5
2.Ng1f3 Nb8c6
3.d4 cxd4
4.Nf3xd4 e5
5.Nd4b5 d6
6.Nb1c3 a6
7.Nb5a3 b5
8.Nc3d5 Ng8e7
9.Bf1d3 Ne7xd5
10.exd5 Nc6e7
11.O-O g6
12.c4 Bf8g7
13.cxb5 O-O
14.Rf1e1 Bc8b7
15.bxa6 Bb7xa6
16.Bd3xa6 Ra8xa6
17.Na3b5 Qd8d7
18.a4 Qd7b7
 { time }
0-1

[Event "1/128 Finale"]
[Site "www.chess-mail.com"]
[Date "2016.05.11"]
[Round "1"]
[White "Elogic"]
[Black "Claudia"]
[WhiteElo "1830"]
[BlackElo "999"]
[Result "0-1"]
[Round "1"]
1.e4 c5
2.Ng1f3 d6
3.Bf1c4 e6
4.d4 cxd4
5.Nf3xd4 Ng8f6
6.Nb1c3 a6
7.O-O b5
8.Bc4b3 b4
9.Nc3e2 Nf6xe4
10.Qd1d3 Ne4c5
11.Qd3f3 Bc8b7
12.Qf3g4 Nc5xb3
13.axb3 Nb8d7
14.Ra1a4 Nd7f6
15.Qg4g5 h6
16.Qg5d2 d5
 { time }
0-1

[Event "1/128 Finale"]
[Site "www.chess-mail.com"]
[Date "2016.05.11"]
[Round "1"]
[White "Ciappo"]
[Black "Llord"]
[WhiteElo "2440"]
[BlackElo "1790"]
[Result "1-0"]
[Round "1"]
1.c4 e5
2.g3 Bf8c5
3.Bf1g2 Qd8f6
4.e3 a6
5.Nb1c3 Ng8e7
6.Ng1e2 O-O
7.O-O d6
8.a3 Bc8g4
9.Bg2xb7 Ra8a7
10.Bb7g2 Nb8d7
11.b4 Bc5b6
12.Bc1b2 c6
13.f3 Bg4h5
14.d4 exd4
15.Nc3a4 c5
16.exd4 cxd4
17.Na4xb6 Nd7xb6
18.Bb2xd4 Qf6e6
19.Bd4xb6 Ra7b7
20.Bb6f2 Bh5g6
21.Ne2f4 Qe6xc4
22.Qd1xd6 Ne7f5
23.Qd6c5 Qc4b3
24.Rf1b1 Qb3a4
25.Nf4xg6 hxg6
26.f4 Rb7b5
27.Qc5c7 Nf5h6
28.Rb1b2 Nh6g4
29.Bg2c6 Ng4xf2
30.Rb2xf2 Qa4b3
31.Bc6xb5 axb5
32.Qc7e5 f6
33.Qe5xb5 Rf8a8
34.a4 Qb3c3
35.Ra1f1 Qc3d4
36.a5 Qd4d6
37.Rf1e1 Ra8b8
38.Re1e8 Rb8xe8
39.Qb5xe8 Kh7
40.Qe8b5 Qd6d1
41.Kg2 Qd1e1
42.Qb5c4 { resign }
1-0

[Event "Tourn. n8769"]
[Site "www.chess-mail.com"]
[Date "2016.05.12"]
[Round "1"]
[White "Ejner"]
[Black "Piekki"]
[WhiteElo "2390"]
[BlackElo "2310"]
[Result "1-0"]
[Round "1"]
1.c4 e5
2.Nb1c3 d6
3.g3 f5
4.Bf1g2 Nb8c6
5.d3 Bf8e7
6.Ra1b1 Be7g5
7.Bc1xg5 Qd8xg5
8.Ng1f3 Qg5g6
9.Nc3d5 Qg6f7
10.Nf3g5 Qf7d7
11.Ng5e6 { resign }
1-0

[Event "Tourn. n8684"]
[Site "www.chess-mail.com"]
[Date "2016.05.12"]
[Round "1"]
[White "Masteratches"]
[Black "Tonino1"]
[WhiteElo "2640"]
[BlackElo "2290"]
[Result "1-0"]
[Round "1"]
1.d4 Ng8f6
2.c4 g6
3.Nb1c3 Bf8g7
4.e4 d6
5.f3 O-O
6.Bc1e3 e5
7.Ng1e2 Nb8c6
8.d5 Nc6e7
9.g4 Nf6d7
10.h4 f5
11.gxf5 gxf5
12.h5 f4
13.Be3f2 a6
14.Qd1c2 b6
15.Bf1h3 Bc8b7
16.Nc3a4 Nd7c5
17.Na4xc5 bxc5
18.O-O-O Bb7c8
19.Rd1g1 Kh8
20.Bh3xc8 Qd8xc8
21.Bf2h4 Ne7g8
22.Bh4e1 Qc8d7
23.Be1c3 h6
24.Kb1 Ng8e7
25.Ne2c1 c6
26.Nc1d3 Rf8f7
27.Rg1g4 cxd5
28.cxd5 Ne7g8
29.Rh1g1 Ng8f6
30.Rg4g6 Nf6xh5
31.Qc2h2 Nh5g3
32.Nd3xf4 exf4
33.Rg6xh6 Kg8
34.Rh6h8 { resign }
1-0

[Event "Tourn. n8667"]
[Site "www.chess-mail.com"]
[Date "2016.05.12"]
[Round "1"]
[White "Marbachess"]
[Black "Tonino1"]
[WhiteElo "2490"]
[BlackElo "2200"]
[Result "1-0"]
[Round "1"]
1.f4 c5
2.b3 d5
3.Bc1b2 Ng8f6
4.e3 g6
5.Bf1b5 Nb8d7
6.Ng1f3 Bf8g7
7.O-O O-O
8.Bb5e2 Qd8c7
9.Qd1e1 Nf6e4
10.Bb2xg7 Kxg7
11.c4 e6
12.d3 Ne4f6
13.Nb1c3 Nf6g4
14.Qe1d2 Qc7c6
15.d4 a6
16.Ra1d1 Ra8b8
17.Nf3e5 Ng4xe5
18.cxd5 exd5
19.dxe5 Nd7b6
20.Nc3xd5 Nb6xd5
21.Qd2xd5 Qc6xd5
22.Rd1xd5 b6
23.Rd5d6 a5
24.e4 b5
25.f5 Rf8e8
26.e6 fxe6
27.f6 Kf7
28.e5 Rb8b7
29.Rf1c1 c4
30.bxc4 bxc4
31.Be2xc4 Rb7b2
32.Bc4b3 Rb2e2
33.Rc1c7 Kf8
34.Bb3a4  { time }
1-0

[Event "Tourn. n8702"]
[Site "www.chess-mail.com"]
[Date "2016.05.12"]
[Round "1"]
[White "Piekki"]
[Black "Tonino1"]
[WhiteElo "2090"]
[BlackElo "2220"]
[Result "1-0"]
[Round "1"]
1.e4 c5
2.Ng1f3 d6
3.d4 cxd4
4.Nf3xd4 Ng8f6
5.Nb1c3 g6
6.Bf1e2 Bf8g7
7.O-O O-O
8.Rf1e1 Nb8c6
9.Bc1e3 Nc6xd4
10.Be3xd4 Bc8e6
11.f4 a6
12.Be2f3 b5
13.e5 Nf6d7
14.Bf3xa8 Qd8xa8
15.exd6 exd6
16.Bd4xg7 Kxg7
17.Qd1xd6 Qa8a7
18.Kh1 Qa7c5
19.Re1xe6  { time }
1-0

[Event "Tourn. n8715"]
[Site "www.chess-mail.com"]
[Date "2016.05.12"]
[Round "1"]
[White "Rons"]
[Black "Gimmyg"]
[WhiteElo "2580"]
[BlackElo "2510"]
[Result "1/2-1/2"]
[Round "1"]
1.e4 e6
2.d4 b6
3.Ng1f3 g6
4.Nb1c3 Bc8b7
5.d5 Bf8g7
6.Bc1g5 Ng8e7
7.Qd1d2 h6
8.Bg5f4 exd5
9.exd5 d6
10.O-O-O a6
11.Bf1c4 b5
12.Bc4b3 Nb8d7
13.Rd1e1 Nd7c5
14.Re1e2 O-O
15.Bf4xh6 Bg7xh6
16.Qd2xh6 Ne7f5
17.Qh6f4 a5
18.Nc3xb5 Nc5xb3
19.axb3 Bb7xd5
20.Rh1d1 Bd5xf3
21.Qf4xf3 a4
22.b4 Ra8b8
23.c4 d5
24.g4 Nf5h4
25.Qf3e3 c6
26.Nb5c3 Rb8xb4
27.cxd5 Qd8a5
28.Rd1d4 Rb4b3
29.Kd1 a3
30.Rd4a4 Qa5xa4
31.Nc3xa4 Rb3xe3
32.Re2xe3 axb2
33.Na4xb2 cxd5
34.Re3d3 Rf8b8
35.Kc2 Rb8b5
36.Rd3h3 g5
37.f4 f6
38.fxg5 fxg5
39.Rh3e3 Rb5a5
40.Nb2d3 Ra5a2
41.Kb3 Ra2xh2
42.Re3e5 Nh4f3
43.Re5xd5 Rh2g2
{ draw }
1/2-1/2

[Event "Tourn. n8756"]
[Site "www.chess-mail.com"]
[Date "2016.05.12"]
[Round "1"]
[White "Bojan"]
[Black "Jackbauer"]
[WhiteElo "1820"]
[BlackElo "1940"]
[Result "1-0"]
[Round "1"]
1.e4 c5
2.Ng1f3 d6
3.d4 cxd4
4.Nf3xd4 e5
5.Nd4e2 Nb8c6
6.h3 h6
7.a3 Ng8f6
8.Ne2g3 a6
9.Bf1c4 Bf8e7
10.c3 O-O
11.Qd1f3 Nc6a5
12.Bc4a2 b5
13.Nb1d2 Bc8b7
14.Ng3f5 Bb7c6
15.b4 Na5b7
16.O-O Rf8e8
17.Qf3g3 Nf6h5
18.Qg3g4 g6
19.Nf5xh6 Kg7
20.Nh6xf7 { resign }
1-0

[Event "Tourn. n8596"]
[Site "www.chess-mail.com"]
[Date "2016.05.12"]
[Round "1"]
[White "Tartan"]
[Black "Yangqi"]
[WhiteElo "2380"]
[BlackElo "2630"]
[Result "0-1"]
[Round "1"]
1.e4 d6
2.d4 Ng8f6
3.Nb1c3 g6
4.Ng1f3 Bf8g7
5.Bf1e2 O-O
6.O-O e6
7.Bc1e3 Nb8c6
8.Qd1d2 Nf6g4
9.Be3g5 f6
10.Bg5h4 Ng4h6
11.d5 exd5
12.Nc3xd5 Nh6f7
13.Be2c4 Bc8e6
14.Rf1e1 a6
15.Bc4b3 Kh8
16.Nd5b4 Be6xb3
17.axb3 Nc6xb4
18.Qd2xb4 Ra8b8
19.Ra1d1 Qd8d7
20.Qb4d2 Rb8e8
21.c4 Qd7c6
22.Qd2d3 Nf7h6
23.Re1e2 f5
24.Rd1e1 fxe4
25.Re2xe4 Re8xe4
26.Re1xe4 Rf8e8
27.Re4e2 Qc6d7
28.Bh4g5 Re8xe2
29.Qd3xe2 Nh6f7
30.Bg5f4 Bg7f6
31.Nf3e1 Nf7d8
32.Ne1d3 Nd8c6
33.Qe2e4 Qd7e7
34.Qe4xe7 Nc6xe7
35.c5 Ne7c8
36.b4 Kg7
37.Kf1 Kf7
38.Ke2 Ke6
39.Bf4d2 Kd5
40.b3 Bf6e5
41.Nd3xe5 dxe5
42.Bd2g5 Nc8a7
43.Bg5d8 Na7c6
44.Bd8xc7 Nc6xb4
45.Bc7b6 Nb4c2
46.Kd2 Nc2d4
47.Kc3 Nd4e2
48.Kd2 Ne2f4
49.g3 Nf4e6
50.Kc2 Ne6xc5
51.Bb6d8 Ke4
52.Bd8b6 Nc5d7
53.Bb6e3 Nd7f6
{ resign }
0-1

[Event "Match"]
[Site "www.echecsemail.com"]
[Date "2016.05.12"]
[Round "1"]
[White "Tomcapp"]
[Black "Pimpampum"]
[WhiteElo "1570"]
[BlackElo "1499"]
[Result "0-1"]
[Round "1"]
1.e4 e5
2.Ng1f3 Nb8c6
3.Bf1b5 a6
4.Bb5xc6 dxc6
5.c4 Ng8f6
6.d4 Bf8b4
7.Nb1c3 Nf6xe4
8.Bc1d2 Ne4xd2
9.Qd1xd2 exd4
10.Nf3xd4 O-O
11.a3 Rf8e8
12.Nd4e2 Bb4d6
13.b4 Bc8g4
14.f3 Qd8h4
15.Kd1 Bg4e6
16.Nc3e4 Be6xc4
17.Ne4xd6 Bc4xe2
18.Kc1 cxd6
19.Qd2xd6 Qh4g5
20.Kb2 Ra8d8
21.Qd6g3 Qg5d2
22.Kb3 Be2b5
23.Rh1d1 Re8e3
{ resign }
0-1

[Event "Match"]
[Site "www.echecsemail.com"]
[Date "2016.05.12"]
[Round "1"]
[White "Elogic"]
[Black "Libiesse"]
[WhiteElo "1840"]
[BlackElo "1960"]
[Result "0-1"]
[Round "1"]
1.d4 d5
2.c4 e6
3.Nb1c3 Ng8f6
4.Bc1f4 Bf8b4
5.Qd1a4 Nb8c6
6.a3 Bb4xc3
7.bxc3 dxc4
8.Qa4xc4 O-O
9.Ng1f3 Nf6d5
 { time }
0-1

[Event "Match"]
[Site "www.echecsemail.com"]
[Date "2016.05.12"]
[Round "1"]
[White "Elogic"]
[Black "Raulazo"]
[WhiteElo "1880"]
[BlackElo "1920"]
[Result "0-1"]
[Round "1"]
1.c4 e5
2.Ng1f3 Nb8c6
3.e3 e4
4.Nf3d4 Bf8c5
5.Nd4xc6 bxc6
6.d4 Bc5b4
7.Bc1d2 Bb4e7
8.g3 Ra8b8
9.b3 Ng8f6
10.Bf1g2 O-O
11.Nb1c3 d5
12.c5 Bc8a6
13.a4 Qd8d7
14.h4 Ba6d3
 { time }
0-1

[Event "Match"]
[Site "www.echecsemail.com"]
[Date "2016.05.12"]
[Round "1"]
[White "Elogic"]
[Black "Mdesouza"]
[WhiteElo "1870"]
[BlackElo "2250"]
[Result "0-1"]
[Round "1"]
1.b3 Ng8f6
2.Bc1b2 e6
3.e3 Bf8e7
4.d4 d5
5.Bf1d3 Nb8d7
6.Ng1f3 O-O
7.Nb1d2 c6
8.h3 b6
9.e4 dxe4
10.Nd2xe4 Nf6xe4
11.Bd3xe4 Qd8c7
12.Qd1d3 Nd7f6
 { time }
0-1

[Event "Match"]
[Site "www.echecsemail.com"]
[Date "2016.05.12"]
[Round "1"]
[White "Orae"]
[Black "Billyg"]
[WhiteElo "1720"]
[BlackElo "1550"]
[Result "1-0"]
[Round "1"]
1.e4 e5
2.Bf1c4 Ng8f6
3.Nb1c3 c6
4.d4 Qd8e7
5.d5 cxd5
6.exd5 d6
7.Bc4b5 Bc8d7
8.Bc1g5 Bd7xb5
9.Nc3xb5 h6
10.Bg5xf6 gxf6
11.Ng1f3 a6
12.Nb5c3 Nb8d7
13.O-O e4
14.Rf1e1 Nd7e5
15.Re1xe4 Ra8d8
16.Nf3d4 Bf8g7
17.f4 f5
18.Re4e2 O-O
19.fxe5 dxe5
20.Nd4f3 e4
21.Qd1d2 exf3
22.Re2xe7 Bg7f6
23.Re7xb7 Kh7
24.Ra1f1 fxg2
25.Rf1f2 Bf6g5
26.Qd2d3 Rd8d6
27.Qd3xf5 Kg7
28.Qf5e5 Rd6f6
29.Rf2xg2 Kg6
30.Nc3e4 Rf6f5
31.Rb7b6 f6
32.Qe5e6 Kh7
33.Qe6xf5 Kg7
34.h4 Kh8
35.hxg5 { resign }
1-0

[Event "1/64 Finale"]
[Site "www.chess-mail.com"]
[Date "2016.05.12"]
[Round "1"]
[White "Grimsby"]
[Black "Hennie4820"]
[WhiteElo "1470"]
[BlackElo "1970"]
[Result "1/2-1/2"]
[Round "1"]
1.d4 Ng8f6
2.c4 e6
3.Nb1c3 Bf8b4
4.e3 Bb4xc3
5.bxc3 c5
6.Ng1f3 O-O
7.Bf1e2 d6
8.O-O Nb8d7
9.Qd1c2 b6
10.a4 Bc8b7
11.Bc1b2 h6
12.a5 Qd8c7
13.axb6 axb6
14.Rf1d1 Bb7e4
15.Qc2d2 Be4g6
16.h3 Kh8
17.Be2d3 Nf6e4
18.Qd2c2 f5
19.Nf3d2 Ne4xd2
20.Qc2xd2 Nd7f6
21.Rd1c1 Bg6h7
22.Ra1xa8 Rf8xa8
23.Rc1a1 Ra8xa1
24.Bb2xa1 Qc7a7
25.Qd2b2 Kg8
26.Qb2b1 Kf7
27.Ba1b2 Ke7
28.Qb1a1 Qa7xa1
29.Bb2xa1 g5
{ draw }
1/2-1/2

[Event "Eq:Equipo Juan Diaz-Slap Shot Mates : "]
[Site "www.chess-mail.com"]
[Date "2016.05.12"]
[Round "1"]
[White "Ecijaajedrez"]
[Black "Jpmartinez"]
[WhiteElo "2550"]
[BlackElo "2510"]
[Result "1/2-1/2"]
[Round "1"]
1.d4 Ng8f6
2.c4 e6
3.Nb1c3 Bf8b4
4.Qd1c2 d5
5.cxd5 exd5
6.Bc1g5 c5
7.dxc5 h6
8.Bg5h4 g5
9.Bh4g3 Nf6e4
10.Bg3xb8 Qd8f6
11.Bb8g3 Ne4xc3
12.a3 Bc8f5
13.Qc2d2 Bb4a5
14.e3 O-O
15.b4 Nc3e4
16.Qd2d4 Qf6xd4
17.exd4 Rf8e8
18.O-O-O Ba5d8
19.Bf1b5 Re8e7
20.Bb5d3 Kg7
21.Ng1f3 a5
22.b5 a4
23.Rh1e1 Ra8c8
24.Kb2 Bd8a5
25.Bd3xe4 Re7xe4
26.Re1xe4 Bf5xe4
27.b6 Be4f5
28.Rd1c1 Rc8c6
29.Nf3g1 Ba5d2
30.Rc1d1 Bd2a5
31.Ng1e2 Rc6e6
32.Ne2c3 Ba5xc3
33.Kxc3 Re6e2
34.Rd1c1 Bf5d7
35.Rc1c2 Re2e1
36.Kb2 Bd7c6
{ draw }
1/2-1/2

[Event "Eq:La Taverne-Royal chess : "]
[Site "www.chess-mail.com"]
[Date "2016.05.12"]
[Round "1"]
[White "Elogic"]
[Black "Emmanuel69"]
[WhiteElo "1850"]
[BlackElo "1830"]
[Result "0-1"]
[Round "1"]
1.b3 e5
2.e4 Ng8f6
3.f3 Nb8c6
4.Bc1b2 d6
5.d4 exd4
6.Bb2xd4 Bf8e7
7.Nb1a3 a6
8.c3 O-O
9.Bf1c4 Nc6xd4
10.Qd1xd4 Rf8e8
11.b4 c5
 { time }
0-1

[Event "Tourn. n8761"]
[Site "www.chess-mail.com"]
[Date "2016.05.13"]
[Round "1"]
[White "Mitja"]
[Black "Paul30"]
[WhiteElo "1890"]
[BlackElo "2010"]
[Result "0-1"]
[Round "1"]
1.d4 d5
2.e3 Ng8f6
3.h3 Bc8f5
4.Nb1d2 e6
5.c3 c5
6.dxc5 Bf8xc5
7.Nd2b3 Bc5d6
8.Ng1e2 O-O
9.Ne2g3 Bf5g6
10.Bf1d3 Bg6xd3
11.Qd1xd3 Nb8c6
12.Qd3b5 a6
13.Qb5xb7 Nc6e5
14.O-O Ne5c4
15.Nb3d2 Nc4a5
{ resign }
0-1

[Event "Tourn. n8693"]
[Site "www.chess-mail.com"]
[Date "2016.05.13"]
[Round "1"]
[White "Difficult"]
[Black "Elogic"]
[WhiteElo "1890"]
[BlackElo "1810"]
[Result "1-0"]
[Round "1"]
1.d4 e6
2.c4 c5
3.Ng1f3 Nb8c6
4.e3 cxd4
5.exd4 Bf8b4
6.Bc1d2 Bb4xd2
7.Qd1xd2 Qd8f6
8.Nb1c3 d6
9.Bf1e2 Ng8e7
10.O-O Ne7f5
11.d5 exd5
12.Nc3xd5 Qf6d8
13.Be2d3 O-O
14.Bd3xf5 Bc8xf5
15.Nf3d4 Nc6xd4
16.Qd2xd4 f6
17.Rf1e1 Qd8a5
18.b4 Qa5d8
19.a4 g6
20.Re1e7  { time }
1-0

[Event "Tourn. n8701"]
[Site "www.chess-mail.com"]
[Date "2016.05.13"]
[Round "1"]
[White "Tonino1"]
[Black "Tartan"]
[WhiteElo "2210"]
[BlackElo "2430"]
[Result "0-1"]
[Round "1"]
1.d4 Ng8f6
2.Ng1f3 d5
3.e3 e6
4.Bf1d3 c5
5.b3 Nb8c6
6.a3 cxd4
7.exd4 Nf6e4
8.Bc1b2 Bf8d6
9.Nb1d2 f5
10.Nf3e5 Qd8g5
11.Bd3xe4 fxe4
12.Qd1g4 Qg5h6
13.O-O-O O-O
14.Ne5xc6 bxc6
15.Qg4e2 a5
16.Kb1 Bc8a6
17.Qe2e1 Qh6f4
18.f3 e3
 { time }
0-1